|
|
|
|
| LEADER |
00000nam1a2200000 4500 |
| 001 |
85434 |
| 005 |
20231031101033.0 |
| 020 |
|
|
|a RU
|b 85-75874
|
| 035 |
|
|
|a (RuTPU)RU\TPU\book\91808
|
| 090 |
|
|
|a 85434
|
| 100 |
|
|
|a 20051114d1985 m y0rusy5003 ca
|
| 101 |
0 |
|
|a rus
|
| 200 |
1 |
|
|a Основы теории автоматического управления
|e учебник
|g Под ред. Н. Б. Судзиловского
|
| 210 |
|
|
|a Москва
|c Машиностроение
|d 1985
|
| 215 |
|
|
|a 510 с.
|c ил.
|
| 225 |
1 |
|
|a Для вузов
|
| 320 |
|
|
|a Библиогр.: с. 499-501
|
| 320 |
|
|
|a Предметный указатель: с. 502-506
|
| 610 |
1 |
|
|a автоматическое управление
|
| 610 |
1 |
|
|a линейные системы
|
| 610 |
1 |
|
|a устойчивость
|
| 610 |
1 |
|
|a исследования
|
| 610 |
1 |
|
|a линеаризация
|
| 610 |
1 |
|
|a частотные характеристики
|
| 610 |
1 |
|
|a учебники
|
| 675 |
|
|
|a 681.51.01(075.8)
|z rus
|
| 702 |
|
1 |
|a Судзиловский
|b Н. Б.
|g Никита Борисович
|4 340
|
| 801 |
|
0 |
|a RU
|b RuMRKP
|c 19950704
|g psbo
|
| 801 |
|
1 |
|a RU
|b 63413507
|c 20051114
|g PSBO
|
| 801 |
|
2 |
|a RU
|b 63413507
|c 20140411
|g PSBO
|
| 942 |
|
|
|c BK
|